000 00687nam a2200289Ia 4500
005 20260324143934.0
008 008 260324s9999 xx 000 0 eng d
020 _a9780429445385
037 _aEBOOK
040 _aCRL
040 _beng
040 _cCRL
041 _2eng
041 _aeng
084 _qCRL
100 _aJulia Swindells; Lisa Jardine
_91217480
245 0 _aWhat's Left?
245 0 _bWomen in Culture and the Labour Movement
260 _bTaylor and Francis
260 _c1990
365 _a
365 _b120
856 _uhttp://www.taylorfrancis.com/books/9780429445385
942 _cEBOOK
999 _c1823484
_d1823484